|
|
|
|
| LEADER |
00000nab a2200000 a 4500 |
| 001 |
vtls010500771 |
| 003 |
SK-MaSNL |
| 005 |
20260305031838.0 |
| 008 |
130403c2013 xo wr 0 0slo |
| 038 |
|
|
|a SLLK
|
| 040 |
|
|
|a SLLK
|b slo
|c sllk
|e AACR2
|
| 041 |
|
|
|a slo
|
| 044 |
|
|
|a xo
|c SK
|
| 080 |
|
|
|a 711.455
|2 2001
|
| 080 |
|
|
|a 615.838
|2 2001
|
| 245 |
0 |
0 |
|a Znovuobnovenie kúpeľnej tradície v Červenom Kláštore
|c Text (eh) ; foto (archív kúpeľov)
|
| 300 |
|
|
|b Fotogr.
|
| 610 |
2 |
7 |
|a Kúpele Červený Kláštor Smerdžonka (Slovensko)
|2 SLLK
|9 179014
|
| 648 |
|
7 |
|a 2013
|2 snkbucl
|9 324251
|
| 650 |
0 |
7 |
|a kúpele
|2 SLLK
|9 1139
|
| 651 |
|
7 |
|a Červený Kláštor (Slovensko)
|2 SLLK
|9 22364
|
| 651 |
|
7 |
|a Kežmarok (Slovensko : okres)
|2 SLLK
|9 51824
|
| 651 |
|
7 |
|a Stará Ľubovňa (Slovensko)
|2 SLLK
|9 19193
|
| 773 |
0 |
|
|t Ľubovnianske noviny
|g Roč. XXXVIII, č. 3 (2013), s. 2
|x 1338-0346
|
| 852 |
|
|
|a SLLK
|b KIS3GCP
|
| 999 |
|
|
|c 3317708
|d 3319638
|